000 01194nam a22003257a 4500
999 _c15735
_d15735
003 AR-CdUCM
008 190429b ||||| |||| 00| 0 spa d
040 _aMUNICIPALIDAD PROVINCIAL DEL CUSCO
_cBIBLIOTECA MUNICIPAL DEL CUSCO
082 _a301 /
_bAG32
100 _aAguero, Jorge
_934917
245 _aPobreza y economia social :
_banálisis de una encuesta (ENNIV - 1197) /
260 _aLima :
_bDesa,
_c1999.
300 _a372 paginas ;
_bCuadros, diagramas,
_c30 cm.
505 _aContenido : Visión global pobreza y desarrollo social -- La pobreza desde distintos ángulos -- Movilidad social y oportunidad demográfica -- Ajuste económico, desigualdad y movilidad...
650 _aPobreza
_94721
650 _aDemografia
_91556
650 _aEducación
_9460
650 _aServicios de salud
_934918
650 _aMujer peruana
_916411
700 _aCordero, Luis
_934919
700 _aEscobal, Javier
_98489
700 _aFlores, Rosa
_934920
700 _aHerrera, Javier
_934921
700 _aPetrera, Margarita
_934922
710 _aInstituto Cuanto
_934923
710 _aUNICEF
_99438
710 _aUSAID
_934924
942 _2ddc
_cLIBROS
945 _awnts
_d2019-04-29